000 00879nam a2200277Ia 4500
003 OSt
005 20220928131348.0
006 a|||||r|||| 00| 0
007 ta
008 220927b |||||||| |||| 00| 0 eng d
020 _c4155.8000000000002
024 _a104628
037 _b8916, 06/01/2010, Atlantic Publishers and Distributors
_cTextual
040 _aSDCL
_cSDCL
_beng
041 _2eng
_aeng
082 _aS:796, P8
100 _aBrick John Ed.
_9477806
245 0 _aHandbook of the medical consequences of alcohol and drug abuse.
250 _a2
260 _aNew York
_b Routledge
_c2008
300 _axxiv,638p.
_ccm.
490 _aHaworth press series in neuropharmacology.
650 _aReference
942 _hS:796, P8
_cTEXL
_2CC
999 _c790308
_d790308